000 00287nam a22001337a 4500
008 180914b xxu||||| |||| 00| 0 eng d
020 _a80901337
041 _aeng
080 _a821
100 _a21
101 _aGJL
245 _aIntroduction to Poetry
_cDoren, M.V
942 _2udc
_cBK
999 _c47795
_d47795